Estadísticas para Grupos del A-D de Qatar 2022

Haz click aquí para intentar la prueba.

Estadísticas generales

  • Esta prueba ha sido intentada 54 veces
  • La puntuación promedio es 15 de 16

Estadísticas de respuestas

Respuesta% Correcto
Arabia Saudita
98%
Argentina
98%
Australia
98%
Ecuador
98%
Francia
98%
México
98%
Polonia
98%
Dinamarca
96%
Estados Unidos
96%
Gales
96%
Inglaterra
96%
Iran
96%
Paises Bajos
96%
Qatar
96%
Senegal
96%
Tunez
92%

Distribución de puntuación

Porcentaje por número respondido

Porcentaje de gente con cada puntuación

Historial de tus puntuaciones

No has intentado esta prueba.